| 000 | 00682nam a22002177a 4500 | ||
|---|---|---|---|
| 999 |
_c13936 _d13936 |
||
| 003 | MIRAKIL | ||
| 005 | 20200821155736.0 | ||
| 008 | 200821b tu ||||| |||| 00| 0 tur d | ||
| 020 | _a9789944784090 | ||
| 040 |
_aTR-AnCHP _cTR-AnCHP |
||
| 041 | _atur | ||
| 082 |
_a822.33 _bS32m 2007 |
||
| 100 | 1 |
_aShakespeare, William _d1564-1616 |
|
| 245 | 1 | 0 |
_aMacbeth/ _cShakespeare ; Türkçesi: Ümmühan Yapar |
| 260 |
_aİstanbul: _bAntik Dünya Klasikleri, _c2007. |
||
| 300 |
_a109 s.: _c19 sm. |
||
| 490 | 0 |
_aAntik Dünya Klasikleri ; _aBatı Klasikleri Dizisi ; _v27. _v19. |
|
| 650 | 0 |
_95124 _aİngiliz edebiyatı _xTiyatro |
|
| 700 |
_96432 _aYapar, Ümmühan |
||
| 942 |
_2ddc _cBKS |
||